Engineering economics and costing / (Record no. 33166)

MARC details
000 -LEADER
fixed length control field 00889cam a22002415a 4500
005 - DATE AND TIME OF LATEST TRANSACTION
control field 20091109141235.0
008 - FIXED-LENGTH DATA ELEMENTS--GENERAL INFORMATION
fixed length control field 090114s2009 wau 000 0 eng
010 ## - LCCN (DPL NO)
LC control number ENG-95661
020 ## - INTERNATIONAL STANDARD BOOK NUMBER
International Standard Book Number 9788120338937
Terms of availability 225.00
035 ## - SYSTEM CONTROL NUMBER
System control number EN-79194
037 ## - SOURCE OF ACQUISITION
Source of stock number/acquisition DBAD/PUB
040 ## - CATALOGING SOURCE
Original cataloging agency DPL
Language of cataloging Eng
082 ## - DEWEY DECIMAL CLASSIFICATION NUMBER
Classification number 623.80681
100 ## - MAIN ENTRY--PERSONAL NAME
Personal name Mishra, Sasmita
9 (RLIN) 13551
245 ## - TITLE STATEMENT
Title Engineering economics and costing /
Statement of responsibility, etc by Sasmita Mishra
260 ## - PUBLICATION, DISTRIBUTION, ETC. (IMPRINT)
Place of publication, distribution, etc New Delhi
Name of publisher, distributor, etc PHI Learning
Date of publication, distribution, etc 2009
270 ## - ADDRESS
Address M-97,Connaught Circus
City New Delhi
Postal code 110001
300 ## - PHYSICAL DESCRIPTION
Extent x,303p.
Dimensions 24cm (pbk)
500 ## - GENERAL NOTE
General note Includes bibliographical references and Index
942 ## - ADDED ENTRY ELEMENTS (KOHA)
Source of classification or shelving scheme Dewey Decimal Classification
Item type English Books
Call number suffix MIS
Classification part 623.80681
Holdings
Withdrawn status Lost status Source of classification or shelving scheme Damaged status Not for loan Collection code Home library Current library Date acquired Source of acquisition Cost, normal purchase price Total Checkouts Full call number Barcode Date last seen Copy number Cost, replacement price Koha item type
    Dewey Decimal Classification   Not For Loan Non-fiction D.B.Act.Division D.B.Act.Division 23/08/2010 DBAD/PUB 225.00   623.80681 MIS EN-79194 23/08/2010 1 225.00 English Books

© Delhi Public Library
Hit Counter
free hit counter